Films avec Tilda Swinton par images - Statistiques

Statistiques générales
  • Ce quiz a été pris 16 fois
  • Le résultat moyen est 4 sur 20
Statistiques - réponses
Par images Réponse % Correct
Le Monde de Narnia
93%
Avengers: Endgame
73%
Snowpiercer : Le Transperceneige
40%
La Chambre d'à côté
33%
The Grand Budapest Hotel
33%
Okja
27%
Only Lovers Left Alive
20%
Trois mille ans à t'attendre
20%
L'Étrange Histoire de Benjamin Button
13%
Moonrise Kingdom
13%
The French Dispatch
13%
We Need to Talk About Kevin
13%
La Plage
7%
Orlando
7%
The Souvenir
7%
Vanilla Sky
7%
Avé, César !
0%
Broken Flowers
0%
Burn After Reading
0%
Edward II
0%
Aucun quiz correspondant
Distribution des résultats
% des personnes avec chaque résultat
Percentile par nombre de réponses
Votre historique - résultats
Vous n’avez pas pris ce quiz